Loading...
SYLEEBHANGIKAL
| Main Author: | |
|---|---|
| Format: | Printed Book |
| Published: |
Trivandrum
KERALA BHASHA INSTITUTE
|
| LEADER | 00439nam a2200169 4500 | ||
|---|---|---|---|
| 020 | |||
| 082 | |a 494.8125 PRA | ||
| 100 | |a DR. V.R PRABODHACHANDRAN | ||
| 245 | |a SYLEEBHANGIKAL |h Malayalam | ||
| 250 | |||
| 260 | |a Trivandrum |b KERALA BHASHA INSTITUTE | ||
| 300 | |||
| 650 | |||
| 700 | |||
| 942 | |c BK | ||
| 999 | |c 156858 |d 156858 | ||
| 952 | |0 0 |1 0 |4 0 |6 494_812500000000000_PRA |7 0 |9 170315 |a ORI |b ORI |l 0 |o 494.8125 PRA |p ORI5732 |r 2019-10-25 |w 2019-10-25 |y BK | ||